NASCITA DI UNA NAZIONE (Record n. 104841)

Dettagli MARC
000 -LEADER
fixed length control field 02773agaaa2200337 4500
001 - CONTROL NUMBER
control field 7090
003 - CONTROL NUMBER IDENTIFIER
control field IT-RoPAU
005 - DATE AND TIME OF LATEST TRANSACTION
control field 20220918181225.0
007 - PHYSICAL DESCRIPTION FIXED FIELD--GENERAL INFORMATION
fixed length control field d cvaizq
008 - FIXED-LENGTH DATA ELEMENTS--GENERAL INFORMATION
fixed length control field 50131s9999||||xx ||| | || ||und||
040 ## - CATALOGING SOURCE
Original cataloging agency IT-RoPAU
Transcribing agency IT-RoPAU
041 ## - LANGUAGE CODE
Language code of text/sound track or separate title ITALIANO
100 ## - MAIN ENTRY--PERSONAL NAME
Personal name Griffith David Wark
Miscellaneous information Codice regista SPICS: 13319
9 (RLIN) 37966
130 ## - MAIN ENTRY--UNIFORM TITLE
Uniform title NASCITA DI UNA NAZIONE
9 (RLIN) 37967
240 ## - UNIFORM TITLE
Uniform title BIRTH OF A NATION (THE)
Miscellaneous information T2386
245 ## - TITLE STATEMENT
Title NASCITA DI UNA NAZIONE
Statement of responsibility, etc. Prodotto da: Griffith David W. -- Sceneggiatura: Dixon Jr. Thomas F. Griffith David Wark Woods Frank E. -- Diretto da: Griffith David Wark
Name of part/section of a work NASCITA DI UNA NAZIONE (Rif. Codice opera principale : H7090)
246 ## - VARYING FORM OF TITLE
Title proper/short title BIRTH OF A NATION (THE)
250 ## - EDITION STATEMENT
Edition statement Edizione Standard
260 ## - PUBLICATION, DISTRIBUTION, ETC. (IMPRINT)
Place of publication, distribution, etc. (USA)
Name of publisher, distributor, etc. EPOCH PRODUCING CORPORATION / Distribuzione: LIBRERIA SSP ROMA
Date of manufacture "1915 (1° ed.: 2006 ; Ed. Lingua Orig.: 1915)"
300 ## - PHYSICAL DESCRIPTION
Extent DVD
Other physical details muto, b&w
Dimensions 165 minuti
508 ## - CREATION/PRODUCTION CREDITS NOTE
Creation/production credits note "Fotografia: Bitzer G.W.; Montaggio: Griffith D.W. Henabe; Musica: Breil Joseph Carl; Sceneggiatura: Dixon Jr. Thomas F. Griffith David Wark Woods Frank E.; "
511 ## - PARTICIPANT OR PERFORMER NOTE
Participant or performer note "Gish Gillian; Marsh Mae; Walthall Henry; B.; Cooper Miriam; Alden Mary; Aitken Spottis"
520 ## - SUMMARY, ETC.
Summary, etc. "INTORNO ALL'ANNO 1860 CAMERON, RICCO LATIFONDISTA, VIVE NELLA CAROLINA DELSUD ASSIEME ALLA MOGLIE E AI FIGLI. UN SUO AMICO NORDISTA, STONEMAN, DEPUTATO ALLA CAMERA, CONCEDE LA FIGLIA ELSIE A BEN, PRIMOGENITO DI CAMERON, DETTO IL PICCOLO COLONNELLO. QUANDO SCOPPIA LA GUERRA CIVILE AMERICANA, LE DUEFAMIGLIE AMICHE SI TROVANO SU FRONTI OPPOSTI. IL RITORNO DELLA PACE NON BASTERA' A CALMARE GLI ANIMI: IL PRESIDENTE LINCOLN VIENE ASSASSINATO MENTRE IL SUD SCONFITTO E' IN MANO AD AFFARISTI DEL NORD SENZA SCRUPOLI E A NERI VIOLENTI E IGNORANTI. CAMERON PER DIFENDERE LA CIVILTA' DEI BIANCHI NELLA PROPRIA TERRA, CONTRIBUISCE ALLA FONDAZIONE DEL KU-KLUX-KLAN, CHE RIPORTERA' LA PACE E L'ARMONIA. CONSIDERATO UNA TAPPA FGONDAMENTALE NELLA STORIA DEL CINEMA PER LE SUE MIRABOLANTI INNOVAZIONI (MONTAGGIO PARALLELO, PRIMI PIANI,EFFETTI FOTOGRAFICI, SCENE DI MASSA) IL FILM VENNE CONTESTATO DURAMENTE PER LE SUE TESI RAZZISTE. CONTRIBUTI EXTRA: BIOGRAFIA, FILMOGRAFIA E CURIOSITA' SU DAVID W. GRIFFITH; L'EPOPEA DI GRIFFITH; SINOSSI, NOTE E CURIOSITA' SUL FILM; BIBLIOGRAFIA, FILMOGRAFIA E CURIOSITA' SU LILLIAN GISH; NASCITA DIUNA NAZIONE E IL CINEMA STORICO."
538 ## - SYSTEM DETAILS NOTE
System details note PAL, STEREO
546 ## - LANGUAGE NOTE
Language note ITALIANO
650 ## - SUBJECT ADDED ENTRY--TOPICAL TERM
Topical term or geographic name as entry element DRAMMATICO-MUTO
Relator term DVD-FILM [DVD]
General subdivision Codice MATERIA SPICS: 9947
9 (RLIN) 37968
700 ## - ADDED ENTRY--PERSONAL NAME
Personal name Breil Joseph Carl
Relator term (musica)
Miscellaneous information Codice Musica SPICS: 58799
9 (RLIN) 37969
700 ## - ADDED ENTRY--PERSONAL NAME
Personal name Dixon Thomas Jr.
Relator term (soggetto)
Miscellaneous information Codice Soggetto SPICS: 1092
9 (RLIN) 37970
700 ## - ADDED ENTRY--PERSONAL NAME
Personal name Griffith David Wark
Relator term (regista)
Miscellaneous information Codice regista SPICS: 13319
9 (RLIN) 37971
942 ## - ADDED ENTRY ELEMENTS (KOHA)
Koha item type DVD
Source of classification or shelving scheme Dewey Decimal Classification
Dati di copia
Withdrawn status Lost status Damaged status Not for loan Home library Current library Date acquired Total Checkouts Full call number Date last seen Price effective from Koha item type Public note
    Buone Condizioni Not For Loan SPICS-MEDIATECA SPICS-MEDIATECA 31/01/2015   H7090 31/01/2015 31/01/2015 DVD Progr. Ins.: 3505 / N.Vol.:1 / Copie: 1 / Pag.:0 / Copia rara: n.d. / date import: 1.2.2015 / By Epidotti, Trombetti, Vaglietti
CREDITS: SOCIETA' SAN PAOLO Via A.Severo, 58 - ROMA (RM) & PERIODICI SAN PAOLO SRL Via Giotto, 36 MILANO & CISF Via Giotto, 36 MILANO & EDIZIONI SAN PAOLO SRL,  Piazza Soncino, 5 CINISELLO BALSAMO (MI) -- ITALY